000 00772nam a2200265Ia 4500
003 OSt
005 20220928104236.0
006 a|||||r|||| 00| 0
007 ta
008 220927b |||||||| |||| 00| 0 eng d
020 _c350
024 _a106508
037 _b455, 10/03/2010, Vani Prakashan
_cTextual
040 _aSDCL
_cSDCL
_beng
041 _2eng
_aeng
082 _aO113,3N46,1, 152M3
100 _aJelinek Elfriede
_9409768
245 0 _aPiano teacher.
260 _aNew Delhi
_bVani Prakashan
_c2009
300 _a274p
_ccm.
650 _aHindi
_9391598
700 _a Mehta Amrit
_9409769
942 _hO113,3N46,1, 152M3
_cTEXL
_2CC
999 _c725339
_d725339